| 000 | 00672cab a2200229 4500 | ||
|---|---|---|---|
| 001 | WB3432-13 | ||
| 008 | 090401t1998 xxu||||| |||| 00| 0 eng d | ||
| 035 | _a(Sirsi) u88084 | ||
| 041 | _aeng | ||
| 245 | _aSupermarket link | ||
| 260 | _c1998 | ||
| 350 | _a0 | ||
| 490 |
_aGuardian _v21 August 1998, 21(1) |
||
| 520 | _aEsso and Tesco are to join forces to run petrol stations. Tesco will run foercourt shops for the petrol company. | ||
| 650 | _aPETROL RETAILING | ||
| 650 | _aPETROL STATION FORECOURTS | ||
| 650 | _aPETROL STATIONS | ||
| 650 | _aSUPERMARKETS | ||
| 690 | _aPROPERTY-COMMERCIAL PROPERTY-RETAIL PROPERTY | ||
| 942 | _n0 | ||
| 948 | _c21/08/1998 | ||
| 999 |
_c55634 _d55634 |
||